01423nam a2200337Ia 4500001001200000003000800012006001900020007001500039008004100054010001700095020002800112040002100140035002100161050002300182082001500205100003100220245016600251260003400417300002600451490002300477504005100500533015200551650005200703650006300755650003900818655002900857700003200886710001700918830002400935856012600959ebr10047727CaPaEBRm u cr cn|||||||||010503s2002 nyua sb 001 0 eng d z 2001032843 z0387953086 (alk. paper) aCaPaEBRcCaPaEBR a(OCoLC)55928904514aR858b.A475 2002eb04a174/.22211 aAnderson, James G.,d1936-10aEthics and information technologyh[electronic resource] :ba case-based approach to a health care system in transition /cJames G. Anderson, Kenneth W. Goodman. aNew York :bSpringer,cc2002. axviii, 229 p. :bill.1 aHealth informatics aIncludes bibliographical references and index. aElectronic reproduction.bPalo Alto, Calif. :cebrary,d2009.nAvailable via World Wide Web.nAccess may be limited to ebrary affiliated libraries. 0aMedical informaticsxMoral and ethical aspects. 0aMedicinexInformation servicesxMoral and ethical aspects. 0aComputer networksxSocial aspects. 7aElectronic books.2local1 aGoodman, Kenneth W.,d1954-2 aebrary, Inc. 0aHealth informatics.40uhttp://site.ebrary.com/lib/rucke/Doc?id=10047727zAn electronic book accessible through the World Wide Web; click to view